000 00493nam a22001577a 4500
008 251201b ||||| |||| 00| 0 eng d
020 _a0-87201-372-3
040 _aAR-FvUNAJ
_dAR-FvUNAJ
_eaacr2
082 1 4 _214
_a665.8
100 1 _922050
_aMcAuliffe, Charles Andrew
_d1941-
245 1 0 _aHydrogen and energy /
_cCharles A. McAuliffe.
260 _aHouston :
_bGulf Pub. Co., Book Division,
_cc1980.
300 _ax, 109 p.
650 0 _922051
_aHIDROGENO COMO COMBUSTIBLE
942 _2ddc
_cLIBRO
999 _c11168
_d11168
980 _62
_aVirginia Figueroa
_82
_gVirginia Figueroa